Catalog

Record Details

Catalog Search



Widerstand gegen die nationalsozialistische Diktatur 1933-1945 / Peter Steinbach ... (Hg.)

Steinbach, Peter (Editor).

Record details

  • ISBN: 3-936872-37-6
  • Physical Description: 551 S.
  • Edition: 1. Aufl.
  • Publisher: Berlin : Lukas, 2004

Available copies

  • 1 of 1 copy available at Common Catalog SPOK.

Holds

  • 0 current holds with 1 total copy.
Show All Copies
Location Call Number / Copy Notes Barcode Shelving Location Status Due Date
Terezin Initiative Institute 5194 4594305194 Knihovna ITI Available -

LDR 00489nam a2200181 4500
00127926
003CZ-PrJAB
00520221122054101.0
008101008s2004 gw ||||gr|||||||||0|ger||
020 . ‡a3-936872-37-6
035 . ‡a(CONS)2748
035 . ‡a(CZ PrSKC)PPN544372220
040 . ‡aABE449 ‡bger
1001 . ‡aSteinbach, Peter ‡4edt
24510. ‡aWiderstand gegen die nationalsozialistische Diktatur 1933-1945 / ‡cPeter Steinbach ... (Hg.)
250 . ‡a1. Aufl.
260 . ‡aBerlin : ‡bLukas, ‡c2004
300 . ‡a551 S.
8524 . ‡bJACH-ITI ‡bJACH-ITI ‡cKnihovna ITI ‡j5194 ‡p5194 ‡y$0.00
910 . ‡aABE340 ‡b5194
995 . ‡askok
901 . ‡a27926 ‡bISxN ‡c27926 ‡tbiblio

Additional Resources